Stochastic Models with Applications to Genetics Cancers AIDS and other Biomedical Systems (Record no. 195524)

MARC details
000 -LEADER
fixed length control field 00538nam a2200193Ia 4500
008 - FIXED-LENGTH DATA ELEMENTS--GENERAL INFORMATION
fixed length control field 240823s9999||||xx |||||||||||||| ||und||
020 ## - INTERNATIONAL STANDARD BOOK NUMBER
International Standard Book Number 981-02-4849-5
082 ## - DEWEY DECIMAL CLASSIFICATION NUMBER
-- 610.15118 P2
100 ## - MAIN ENTRY--PERSONAL NAME
Personal name Tan Wai yuan
245 #0 - TITLE STATEMENT
Title Stochastic Models with Applications to Genetics Cancers AIDS and other Biomedical Systems
250 ## - EDITION STATEMENT
Edition statement 1st
260 ## - PUBLICATION, DISTRIBUTION, ETC. (IMPRINT)
Date of publication, distribution, etc 2002
Name of publisher, distributor, etc "World Scientic,Singapore"
500 ## - GENERAL NOTE
General note TRANSFERED
650 ## - SUBJECT ADDED ENTRY--TOPICAL TERM
Topical term or geographic name as entry element Biomedical
942 ## - ADDED ENTRY ELEMENTS (KOHA)
Item type Books
Holdings
Withdrawn status Lost status Damaged status Permanent location Current location Shelving location Date acquired Cost, normal purchase price Full call number Barcode Date last seen Koha item type
      CENTRAL LIBRARY, NOORUL ISLAM CENTRE FOR HIGHER EDUCATION CENTRAL LIBRARY, NOORUL ISLAM CENTRE FOR HIGHER EDUCATION Mathematics 04/13/2013 350.00 610.15118 P2 47234 08/23/2024 Books
Visitors:
Copyright © 2024 Central Library NICHE.  All rights reserved.